00521nam a2200181Ia 4500008004100000020001800041082000800059100002300067245004100090250000600131260003100137300001000168500002400178650002300202942000700225952009000232999001700322230524s9999 xx 000 0 und d a9789385152467 bANK aAnkit Fadia941766 0aStretch your Technology Productivity a1 a New DelhibWestlandc2015 a146p; aQuantity Number: 1 aMisalliance941767 cBK 00104070aTATCLbTATCLcGENd2023-05-24l0o ANKp53437r2023-05-24w2023-05-24yBK c56206d56206